书目信息 |
| 题名: |
我的12年发迹靓史
|
|
| 作者: | 王晗 著 ;冷洁 绘 | |
| 分册: | ||
| 出版信息: | 北京 新世界出版社 2003.07 |
|
| 页数: | 237页 | |
| 开本: | 21cm | |
| 丛书名: | 世相百态丛书 | |
| 单 册: | ||
| 中图分类: | I247.57 | |
| 科图分类: | ||
| 主题词: | 长篇小说--chang pian xiao shuo--中国--当代 | |
| 电子资源: | ||
| ISBN: | 7-80187-055-7 | |
| 000 | 01000nam 2200265 450 | |
| 001 | 012008211642 | |
| 005 | 20080426091746.03 | |
| 010 | @a7-80187-055-7@dCNY18.00 | |
| 100 | @a20080426d2003 km y0chiy0120 ea | |
| 101 | 0 | @achi |
| 102 | @aCN@b110000 | |
| 105 | @aa z 000ay | |
| 106 | @ar | |
| 200 | 1 | @a我的12年发迹靓史@Awo de 12 nian fa ji liang shi@f王晗著@Fwang han zhu@g冷洁绘@Gleng jie hui |
| 210 | @a北京@c新世界出版社@d2003.07 | |
| 215 | @a237页@c图@d21cm | |
| 225 | 2 | @a世相百态丛书@Ashi xiang bai tai cong shu |
| 330 | @a本书为长篇小说。讲一只血统低劣、生活在狗类最低层,在狗市上连一毛钱也没有愿意买的狗在恶劣的环境中艰难的生存着,当他抹杀了最后的善良和狗性,咬死了他曾经离家出去苦苦追寻的知音时,他终于达到了权贵的顶峰。 | |
| 410 | 0 | @12001 @a世相百态丛书 |
| 606 | 0 | @a长篇小说@Achang pian xiao shuo@y中国@z当代 |
| 690 | @aI247.57@v4 | |
| 701 | 0 | @a王晗@Awang han@4著 |
| 702 | 0 | @a冷洁@Aleng jie@4绘 |
| 801 | 0 | @aCN@bQSSK@c20080426 |
| 905 | @b20704712-14@dI247.57@eW215@f3 | |
| 我的12年发迹靓史/王晗著/冷洁绘.-北京:新世界出版社,2003.07 |
| 237页:图;21cm.-(世相百态丛书) |
| ISBN 7-80187-055-7:CNY18.00 |
| 本书为长篇小说。讲一只血统低劣、生活在狗类最低层,在狗市上连一毛钱也没有愿意买的狗在恶劣的环境中艰难的生存着,当他抹杀了最后的善良和狗性,咬死了他曾经离家出去苦苦追寻的知音时,他终于达到了权贵的顶峰。 |
| ● |
| 相关链接 |
|
|
|
正题名:我的12年发迹靓史
索取号:I247.57/W215
 
预约/预借
| 序号 | 登录号 | 条形码 | 馆藏地/架位号 | 状态 | 备注 |
| 1 | 704712 | 207047122 | 文学库108/108文学库 52排2列1层/ [索取号:I247.57/W215] | 在馆 | |
| 2 | 704713 | 207047131 | 文学库108/108文学库 52排2列1层/ [索取号:I247.57/W215] | 在馆 | |
| 3 | 704714 | 207047140 | 社科二线400B/400B社科库 6排1列4层/ [索取号:I247.57/W215] | 在馆 |